Normal view
MARC view
- Isac, George
Entry Personal Name
001 - CONTROL NUMBER
- control field: 82506
003 - CONTROL NUMBER IDENTIFIER
- control field: NUST
005 - DATE AND TIME OF LATEST TRANSACTION
- control field: 20210916155921.0
008 - FIXED-LENGTH DATA ELEMENTS
- fixed length control field: 210916|| aca||aabn | a|a d
040 ## - CATALOGING SOURCE
- Original cataloging agency: NUST
- Transcribing agency: NUST
100 ## - HEADING--PERSONAL NAME
- Personal name: Isac, George
670 ## - SOURCE DATA FOUND
- Source citation: Work cat.: (NUST)32901: Isac, George., Leray-Schauder type alternatives, complementarity problems and variational inequalities /, 2006.
